[Event "Titled Tuesday intern op 31st Aug"]
[Site "Chess.com INT"]
[Date "2021.08.31"]
[Round "6"]
[White "Urjubdshzirov, Erdni"]
[Black "Pert, Richard G"]
[Result "0-1"]
[WhiteElo "2295"]
[BlackElo "2416"]
[PlyCount "156"]
[EventDate "2021.08.31"]
[EventType "swiss (blitz)"]
[EventRounds "11"]
[EventCountry "USA"]
[SourceTitle "EXT 2022"]
[Source "ChessBase"]
[SourceDate "2021.10.06"]
[SourceVersion "1"]
[SourceVersionDate "2021.10.06"]
[SourceQuality "1"]

1. e4 d5 2. exd5 Nf6 3. Nc3 Nxd5 4. Nge2 Nf6 5. d4 Bf5 6. Ng3 Bg6 7. Bg5 h6 8. Bxf6 exf6 9. Qe2+ Be7 10. 0-0-0 0-0 11. Qf3 Nc6 12. Nd5 Bd6 13. c3 Re8 14. Bd3 a5 15. Nf5 Bf8 16. Nde3 a4 17. h4 Ra5 18. h5 Bh7 19. g4 a3 20. b3 Qd7 21. Rhe1 Raa8 22. Be4 Na5 23. Nc2 c6 24. Bd3 b5 25. Qf4 Re6 26. Rxe6 fxe6 27. Nfe3 Bxd3 28. Rxd3 e5 29. Qf5 Qxf5 30. Nxf5 exd4 31. Ncxd4 c5 32. Nxb5 Nxb3+ 33. Kc2 c4 34. Rd7 Nc5 35. Rd4 Re8 36. Ne3 Rb8 37. Nxa3 Ne6 38. Naxc4 Nxd4+ 39. cxd4 Ra8 40. Kb3 Kf7 41. d5 Bc5 42. Nf5 Bxf2 43. Ncd6+ Kf8 44. a4 Bc5 45. Ne4 Be7 46. d6 Bd8 47. Nc5 Kf7 48. Kc4 g6 49. Ne3 gxh5 50. gxh5 f5 51. Nd5 f4 52. Nxf4 Kf6 53. Nd5+ Kg5 54. d7 Kxh5 55. Nf4+ Kg4 56. Nfe6 h5 57. Nxd8 Rxd8 58. Kd5 h4 59. Ke6 h3 60. Nd3 h2 61. Ke7 Rxd7+ 62. Kxd7 Kg3 63. Ne5 h1Q 64. Nc6 Qd5+ 65. Kc7 Qf7+ 66. Kb6 Qb3+ 67. Kc5 Qxa4 68. Nd4 Qa3+ 69. Kc4 Qa1 70. Kd3 Qa8 71. Ke3 Qh8 72. Kd3 Qg8 73. Ke4 Kg4 74. Ke5 Qh8+ 75. Ke4 Kg5 76. Kd5 Kf6 77. Ne6 Qg8 78. Kd6 Qxe6+ 0-1

[Event "Titled Tuesday intern op 27th July"]
[Site "Chess.com INT"]
[Date "2021.07.27"]
[Round "4"]
[White "Baker, Chris W"]
[Black "Urjubdshzirov, Erdni"]
[Result "0-1"]
[WhiteElo "2227"]
[BlackElo "2295"]
[PlyCount "88"]
[EventDate "2021.07.27"]
[EventType "swiss (blitz)"]
[EventRounds "11"]
[EventCountry "USA"]
[SourceTitle "CBM 203 Extra"]
[Source "ChessBase"]
[SourceDate "2021.09.30"]
[SourceVersion "1"]
[SourceVersionDate "2021.09.30"]
[SourceQuality "1"]

1. e4 c5 2. Nf3 e6 3. Nc3 a6 4. g3 b5 5. Bg2 b4 6. Ne2 Bb7 7. d3 d5 8. exd5 Qxd5 9. 0-0 Nf6 10. Nf4 Qd7 11. Re1 Bd6 12. a3 Nc6 13. axb4 cxb4 14. b3 0-0 15. d4 Ne7 16. Qe2 Nfd5 17. Nxd5 Nxd5 18. Ne5 Bxe5 19. Qxe5 Rfc8 20. Re2 Nc3 21. Re1 Bxg2 22. Kxg2 Qd5+ 23. Qxd5 Nxd5 24. Re2 Rc6 25. Ra5 Rac8 26. Bf4 g6 27. Be5 f6 28. Bf4 Kf7 29. h4 h5 30. Kf3 Rxc2 31. Rxc2 Rxc2 32. Rxa6 Rc3+ 33. Be3 Rxb3 34. Ra7+ Ke8 35. Ra8+ Kd7 36. Ra7+ Kc6 37. Ra6+ Kd7 38. Ra7+ Kc6 39. Ra6+ Kb5 40. Rxe6 Rc3 41. Rd6 Nxe3 42. fxe3 b3 43. Rxf6 b2 44. Rf8 Rb3 0-1

[Event "Titled Tuesday intern op 27th July"]
[Site "Chess.com INT"]
[Date "2021.07.27"]
[Round "6"]
[White "Urjubdshzirov, Erdni"]
[Black "Mogirzan, Matei Valeriu"]
[Result "1/2-1/2"]
[WhiteElo "2295"]
[BlackElo "1813"]
[PlyCount "135"]
[EventDate "2021.07.27"]
[EventType "swiss (blitz)"]
[EventRounds "11"]
[EventCountry "USA"]
[SourceTitle "CBM 203 Extra"]
[Source "ChessBase"]
[SourceDate "2021.09.30"]
[SourceVersion "1"]
[SourceVersionDate "2021.09.30"]
[SourceQuality "1"]

1. e4 c6 2. d4 d5 3. Nc3 dxe4 4. Nxe4 Nf6 5. Nxf6+ exf6 6. Bd3 Bd6 7. Qh5 Qe7+ 8. Ne2 Be6 9. 0-0 Nd7 10. Nf4 0-0-0 11. Bd2 Nf8 12. Rfe1 Ng6 13. Nxe6 fxe6 14. Rxe6 Qc7 15. Rae1 Bf4 16. Qg4 Kb8 17. Bxf4 Qxf4 18. Qxf4+ Nxf4 19. Re7 Nxd3 20. cxd3 Rxd4 21. g3 Rxd3 22. Rxg7 Rd2 23. b3 Rhd8 24. Ree7 Rxa2 25. Rxb7+ Ka8 26. Rbc7 Rb2 27. Rxa7+ Kb8 28. Rgb7+ Kc8 29. Rb6 Rd1+ 30. Kg2 Rdd2 31. Kh3 Rxf2 32. Kh4 Rxh2+ 33. Kg4 Rbf2 34. Ra5 h5+ 35. Rxh5 Rxh5 36. Kxh5 Kc7 37. Rb4 c5 38. Ra4 Rh2+ 39. Kg6 Rf2 40. g4 Kc6 41. Ra6+ Kb5 42. Rxf6 Rg2 43. Rf4 Rg3 44. g5 Rxb3 45. Kf5 c4 46. g6 Rg3 47. Rg4 Rf3+ 48. Ke4 Rf8 49. Kd4 Kb4 50. Rg1 Rd8+ 51. Ke3 c3 52. g7 c2 53. Ke2 Kc3 54. Rg6 Kb2 55. Rb6+ Kc1 56. Rb7 Rg8 57. Ke1 Re8+ 58. Kf2 Kd1 59. Rd7+ Kc1 60. Rb7 Kd2 61. Rd7+ Kc3 62. Rc7+ Kb3 63. Kf3 Kb2 64. Kf4 c1Q+ 65. Rxc1 Kxc1 66. Kf5 Rg8 67. Kf6 Rxg7 68. Kxg7 1/2-1/2

[Event "Titled Tuesday intern op 27th July"]
[Site "Chess.com INT"]
[Date "2021.07.27"]
[Round "2"]
[White "Urjubdshzirov, Erdni"]
[Black "Rekhson, Vladislav"]
[Result "1-0"]
[WhiteElo "2295"]
[BlackElo "2074"]
[PlyCount "103"]
[EventDate "2021.07.27"]
[EventType "swiss (blitz)"]
[EventRounds "11"]
[EventCountry "USA"]
[SourceTitle "CBM 203 Extra"]
[Source "ChessBase"]
[SourceDate "2021.09.30"]
[SourceVersion "1"]
[SourceVersionDate "2021.09.30"]
[SourceQuality "1"]

1. e4 c5 2. Nf3 a6 3. c4 Nc6 4. Nc3 e5 5. Nd5 Nf6 6. d3 h6 7. Be2 d6 8. 0-0 Be7 9. Nd2 Nd4 10. Nb3 b5 11. Nxd4 exd4 12. Bf3 bxc4 13. Nxf6+ gxf6 14. e5 Ra7 15. exf6 Bxf6 16. dxc4 Bf5 17. Bc6+ Kf8 18. Qf3 Bg6 19. Bd2 Kg7 20. Rfe1 Re7 21. Rxe7 Qxe7 22. Re1 Qc7 23. Bd5 Qd7 24. h3 Re8 25. Rxe8 Qxe8 26. Bxh6+ Kxh6 27. Qxf6 Qe1+ 28. Kh2 Qe5+ 29. Qxe5 dxe5 30. Kg3 Bc2 31. Kf3 f5 32. Ke2 Kg5 33. g3 f4 34. Kd2 Bb1 35. h4+ Kg4 36. gxf4 Kxf4 37. a3 Kg4 38. b4 cxb4 39. axb4 Ba2 40. Kd3 Bb1+ 41. Kd2 Ba2 42. Kc2 Kxh4 43. Kb2 Kg4 44. Kxa2 d3 45. Kb2 Kf4 46. Kc3 e4 47. Kd2 Ke5 48. f3 exf3 49. Bxf3 Kd4 50. Bd5 a5 51. bxa5 Kc5 52. Kxd3 1-0

[Event "Titled Tuesday intern op 22nd June"]
[Site "Chess.com INT"]
[Date "2021.06.22"]
[Round "1"]
[White "Vignesh, NR."]
[Black "Urjubdshzirov, Erdni"]
[Result "1-0"]
[WhiteElo "2428"]
[BlackElo "2295"]
[PlyCount "55"]
[EventDate "2021.06.22"]
[EventType "swiss (blitz)"]
[EventRounds "11"]
[EventCountry "USA"]
[SourceTitle "CBM 203 Extra"]
[Source "ChessBase"]
[SourceDate "2021.09.30"]
[SourceVersion "1"]
[SourceVersionDate "2021.09.30"]
[SourceQuality "1"]

1. d4 Nf6 2. c4 e6 3. Nf3 c5 4. e3 cxd4 5. exd4 d5 6. Nc3 Be7 7. Bd3 dxc4 8. Bxc4 0-0 9. 0-0 a6 10. Re1 b5 11. Bd3 Bb7 12. Bg5 Nbd7 13. Qe2 Rc8 14. Rad1 b4 15. Na4 Qa5 16. Bxf6 Nxf6 17. b3 Rfd8 18. Bc4 Nd5 19. Ne5 Bf6 20. Nxf7 Kxf7 21. Qxe6+ Kf8 22. Nc5 Rxc5 23. dxc5 Qxc5 24. g3 Qe7 25. Qf5 Qf7 26. Qxh7 Qg8 27. Qf5 g6 28. Qxf6+ 1-0

[Event "Titled Tuesday intern op 08th June"]
[Site "Chess.com INT"]
[Date "2021.06.08"]
[Round "3"]
[White "Harutjunyan, Gevorg"]
[Black "Urjubdshzirov, Erdni"]
[Result "1-0"]
[WhiteElo "2442"]
[BlackElo "2295"]
[PlyCount "63"]
[EventDate "2021.06.08"]
[EventType "swiss (blitz)"]
[EventRounds "11"]
[EventCountry "USA"]
[SourceTitle "CBM 202 Extra"]
[Source "ChessBase"]
[SourceDate "2021.07.31"]
[SourceVersion "1"]
[SourceVersionDate "2021.07.31"]
[SourceQuality "1"]

1. e4 c5 2. Nf3 e6 3. d4 cxd4 4. Nxd4 Nc6 5. Nc3 Qc7 6. Be3 a6 7. Qf3 Nf6 8. 0-0-0 Bb4 9. Nxc6 dxc6 10. Bd4 Be7 11. e5 Nd5 12. Ne4 c5 13. Nd6+ Bxd6 14. exd6 Qxd6 15. Bxg7 Rg8 16. Bh6 b5 17. c4 bxc4 18. Bxc4 Bb7 19. Rhe1 Rd8 20. Qb3 Bc6 21. g3 Rg4 22. f4 Rg6 23. Bg5 Rd7 24. Re5 Kf8 25. Re2 h6 26. Bh4 f5 27. Rde1 Rb7 28. Qd1 Qd7 29. Re5 Kf7 30. Qh5 Nc7 31. Bxe6+ Nxe6 32. Rxe6 1-0

[Event "Titled Tuesday intern op 08th June"]
[Site "Chess.com INT"]
[Date "2021.06.08"]
[Round "1"]
[White "Urjubdshzirov, Erdni"]
[Black "Grandelius, Nils"]
[Result "0-1"]
[WhiteElo "2295"]
[BlackElo "2670"]
[PlyCount "56"]
[EventDate "2021.06.08"]
[EventType "swiss (blitz)"]
[EventRounds "11"]
[EventCountry "USA"]
[SourceTitle "CBM 202 Extra"]
[Source "ChessBase"]
[SourceDate "2021.07.31"]
[SourceVersion "1"]
[SourceVersionDate "2021.07.31"]
[SourceQuality "1"]

1. e4 e5 2. Nf3 Nc6 3. Bb5 a6 4. Ba4 Nf6 5. 0-0 Bc5 6. d3 d6 7. h3 Ba7 8. c3 0-0 9. Bg5 Ne7 10. Nbd2 Ng6 11. d4 h6 12. Be3 b5 13. Bc2 Bb7 14. Qe1 Re8 15. dxe5 Bxe3 16. Qxe3 dxe5 17. Nb3 Nf4 18. Nc5 Bc6 19. Rad1 Qe7 20. b4 a5 21. a3 axb4 22. axb4 Ra3 23. Ra1 Rxc3 24. Bd3 Nxd3 25. Nxd3 Bxe4 26. Nfxe5 Bxd3 27. Rfe1 Rb3 28. Qd2 Qd6 0-1

[Event "Titled Tuesday intern op 25th May"]
[Site "Chess.com INT"]
[Date "2021.05.25"]
[Round "1"]
[White "Lizlov, Alexey"]
[Black "Urjubdshzirov, Erdni"]
[Result "1-0"]
[WhiteElo "2304"]
[BlackElo "2295"]
[PlyCount "103"]
[EventDate "2021.05.25"]
[EventType "swiss (blitz)"]
[EventRounds "11"]
[EventCountry "USA"]
[SourceTitle "CBM 203 Extra"]
[Source "ChessBase"]
[SourceDate "2021.09.30"]
[SourceVersion "1"]
[SourceVersionDate "2021.09.30"]
[SourceQuality "1"]

1. e4 c5 2. Nf3 e6 3. c3 Nf6 4. e5 Nd5 5. Bc4 Nb6 6. Bb3 c4 7. Bc2 Nc6 8. d4 d6 9. Bf4 dxe5 10. Nxe5 Nxe5 11. Bxe5 Bd7 12. 0-0 Bc6 13. Nd2 f6 14. Qh5+ Kd7 15. Bg3 Qe8 16. Qe2 Bd6 17. Nxc4 Nxc4 18. Qxc4 Bxg3 19. fxg3 Qh5 20. Rae1 Rae8 21. a4 Qd5 22. Qxd5+ exd5 23. Kf2 g6 24. Rxe8 Rxe8 25. Re1 Rf8 26. b4 Kd6 27. a5 Bb5 28. Re3 Rc8 29. h4 Rc7 30. g4 Bd7 31. Kf3 h5 32. Bxg6 Bxg4+ 33. Kf4 Bd1 34. Bf5 Rg7 35. g3 Kc6 36. Bd3 Bg4 37. Bf5 Kb5 38. Bd3+ Ka4 39. Be2 Kb3 40. Bxg4 Rxg4+ 41. Kf5 b6 42. axb6 axb6 43. Kxf6 b5 44. Ke5 Re4+ 45. Rxe4 dxe4 46. Kxe4 Kxc3 47. d5 Kxb4 48. d6 Kc3 49. d7 b4 50. d8Q b3 51. Qd1 b2 52. Qb1 1-0

[Event "Titled Tuesday intern op 20th Apr"]
[Site "Chess.com INT"]
[Date "2021.04.20"]
[Round "6"]
[White "Deuer, Marius"]
[Black "Urjubdshzirov, Erdni"]
[Result "1-0"]
[WhiteElo "2274"]
[BlackElo "2295"]
[PlyCount "93"]
[EventDate "2021.04.20"]
[EventType "swiss (blitz)"]
[EventRounds "11"]
[EventCountry "USA"]
[SourceTitle "CBM 202 Extra"]
[Source "ChessBase"]
[SourceDate "2021.07.31"]
[SourceVersion "1"]
[SourceVersionDate "2021.07.31"]
[SourceQuality "1"]

1. d4 c5 2. d5 Nf6 3. c4 e6 4. Nc3 exd5 5. cxd5 Bd6 6. Nf3 0-0 7. g3 h6 8. Bg2 Re8 9. 0-0 a6 10. a4 Bc7 11. Nd2 d6 12. Nc4 Nbd7 13. e4 Rb8 14. a5 Ne5 15. Nxe5 Rxe5 16. Bf4 Re8 17. Qc2 g5 18. Bd2 Bxa5 19. f4 g4 20. e5 dxe5 21. fxe5 Bxc3 22. Bxc3 Nxd5 23. Rxf7 Kxf7 24. Qh7+ Ke6 25. Qg6+ Ke7 26. Qg7+ Ke6 27. Rd1 Qe7 28. Qg6+ Kd7 29. Bxd5 Kc7 30. e6 Qd6 31. Bb3 Bxe6 32. Rxd6 Kxd6 33. Bxe6 Rxe6 34. Qxg4 Rbe8 35. Qf4+ Kc6 36. Qf7 b5 37. Kg2 b4 38. Bf6 c4 39. Qa7 Kb5 40. Qb7+ Rb6 41. Qd7+ Kc5 42. Qxe8 c3 43. Be7+ Kd4 44. Qd8+ Kc4 45. Qxb6 Kd3 46. Qxb4 c2 47. Qc3+ 1-0

[Event "Titled Tuesday intern op 13th Apr"]
[Site "Chess.com INT"]
[Date "2021.04.13"]
[Round "4"]
[White "Kiselev, Vitaliy1111"]
[Black "Urjubdshzirov, Erdni"]
[Result "1-0"]
[WhiteElo "2522"]
[BlackElo "2295"]
[PlyCount "87"]
[EventDate "2021.04.13"]
[EventType "swiss (blitz)"]
[EventRounds "11"]
[EventCountry "USA"]
[SourceTitle "CBM 201 Extra"]
[Source "ChessBase"]
[SourceDate "2021.05.31"]
[SourceVersion "1"]
[SourceVersionDate "2021.05.31"]
[SourceQuality "1"]

1. e4 c5 2. Nc3 e6 3. d4 cxd4 4. Qxd4 Nc6 5. Qd3 Nf6 6. Bf4 Bb4 7. 0-0-0 Qa5 8. Nge2 0-0 9. Bd6 Bxd6 10. Qxd6 b5 11. Nd4 Nxd4 12. Rxd4 a6 13. f3 Bb7 14. Bd3 Bc6 15. e5 Nd5 16. Nxd5 Bxd5 17. a3 Qd8 18. h4 Ra7 19. Be4 Bxe4 20. Rxe4 Qb8 21. Rd1 Qxd6 22. Rxd6 Rc8 23. Red4 Rcc7 24. f4 Kf8 25. Kd2 Ke7 26. c3 f6 27. exf6+ gxf6 28. g4 Rc5 29. Ke3 h5 30. g5 fxg5 31. hxg5 h4 32. Kf3 e5 33. R4d5 Rxd5 34. Rxd5 exf4 35. Kxf4 d6 36. g6 Ke6 37. Rh5 Rg7 38. Kg5 Rc7 39. Rxh4 Rc5+ 40. Kh6 Rc8 41. g7 Kf5 42. Kh7 Kg5 43. Rd4 Rc7 44. Rxd6 1-0

[Event "Titled Tuesday intern op 06th Apr"]
[Site "Chess.com INT"]
[Date "2021.04.06"]
[Round "5"]
[White "Shipov, Sergei"]
[Black "Urjubdshzirov, Erdni"]
[Result "1-0"]
[WhiteElo "2541"]
[BlackElo "2295"]
[PlyCount "135"]
[EventDate "2021.04.06"]
[EventType "swiss (blitz)"]
[EventRounds "11"]
[EventCountry "USA"]
[SourceTitle "CBM 201 Extra"]
[Source "ChessBase"]
[SourceDate "2021.05.31"]
[SourceVersion "1"]
[SourceVersionDate "2021.05.31"]
[SourceQuality "1"]

1. d4 Nf6 2. c4 e6 3. Nc3 c5 4. d5 exd5 5. cxd5 Bd6 6. g3 0-0 7. Bg2 Re8 8. Nh3 h6 9. 0-0 a6 10. a4 Bc7 11. d6 Ba5 12. f4 Nc6 13. Nf2 Nh7 14. e4 Rb8 15. e5 b5 16. axb5 axb5 17. Nce4 Bb6 18. Be3 c4 19. Bxb6 Qxb6 20. Kh1 Bb7 21. Qg4 Qd8 22. Nc5 Bc8 23. Nfe4 Kh8 24. h4 Nd4 25. Rfd1 Nc2 26. h5 Ne3 27. Qe2 Nxd1 28. Rxd1 f6 29. e6 dxe6 30. d7 Re7 31. dxc8Q Qxc8 32. Qe3 Nf8 33. g4 e5 34. f5 Qc7 35. Qd2 Ree8 36. Qd6 Qxd6 37. Nxd6 Re7 38. Bc6 b4 39. Nxc4 Rc7 40. Rd6 Rbc8 41. Na5 Ra7 42. Nab3 Nh7 43. Kg2 Ng5 44. Ba4 Rac7 45. Rd5 Nf7 46. Kf2 Ng5 47. Ke3 Kh7 48. Nd3 Rc2 49. Rd7 R2c7 50. Rxc7 Rxc7 51. Nxb4 Rc4 52. Nd2 Rxb4 53. b3 Nf7 54. Nc4 Nd8 55. Kd3 Rb7 56. Kc3 Rc7 57. b4 Nb7 58. Kb3 e4 59. Be8 Rxc4 60. Kxc4 Nd6+ 61. Kd4 Nxe8 62. Kxe4 Kg8 63. Kd5 Kf7 64. Kc6 Ke7 65. b5 Nd6 66. b6 Nc8 67. b7 Na7+ 68. Kb6 1-0

[Event "Titled Tuesday intern op 06th Apr"]
[Site "Chess.com INT"]
[Date "2021.04.06"]
[Round "6"]
[White "Urjubdshzirov, Erdni"]
[Black "Klimkowski, Jan"]
[Result "0-1"]
[WhiteElo "2295"]
[BlackElo "2296"]
[PlyCount "136"]
[EventDate "2021.04.06"]
[EventType "swiss (blitz)"]
[EventRounds "11"]
[EventCountry "USA"]
[SourceTitle "CBM 201 Extra"]
[Source "ChessBase"]
[SourceDate "2021.05.31"]
[SourceVersion "1"]
[SourceVersionDate "2021.05.31"]
[SourceQuality "1"]

1. e4 c5 2. Nf3 d6 3. d4 cxd4 4. Nxd4 Nf6 5. Nc3 a6 6. Bg5 e6 7. Qd2 Be7 8. 0-0-0 Nbd7 9. f3 0-0 10. g4 Qc7 11. h4 b5 12. Kb1 b4 13. Nce2 Bb7 14. Bxf6 Bxf6 15. g5 Be5 16. h5 d5 17. g6 Nc5 18. Bh3 dxe4 19. gxf7+ Kh8 20. fxe4 Bxe4 21. Rhf1 Bd5 22. h6 g6 23. Nf3 Bxf3 24. Rxf3 Rad8 25. Qe1 Rxd1+ 26. Qxd1 Ne4 27. Bxe6 Ng5 28. Re3 Bf6 29. Bb3 Nxf7 30. Rf3 Nxh6 31. Qh1 Nf5 32. Nf4 Nh4 33. Rf1 Qe5 34. Nd3 Qd4 35. Rf4 Qd8 36. Nc5 Qd6 37. Ne6 Qe5 38. Rd4 Re8 39. Qc6 Rxe6 40. Qxe6 Qxe6 41. Bxe6 Bxd4 42. c3 bxc3 43. bxc3 Bxc3 44. Kc2 Bf6 45. Kd3 Kg7 46. Ke4 h5 47. Bc4 g5 48. Bxa6 g4 49. Bf1 Kh6 50. Kf4 Bg5+ 51. Kg3 Be7 52. Kf2 Kg5 53. Kg3 Nf5+ 54. Kf2 Kf4 55. Bd3 h4 56. Kg2 h3+ 57. Kh1 Nh4 58. Bf1 Kg3 59. a4 Bb4 60. a5 Bxa5 61. Bc4 Nf5 62. Bf1 Ne3 63. Be2 Kh4 64. Bxg4 Nxg4 65. Kg1 Kg3 66. Kh1 Nf2+ 67. Kg1 h2+ 68. Kf1 h1Q+ 0-1

[Event "Titled Tuesday intern op 30th Mar"]
[Site "Chess.com INT"]
[Date "2021.03.30"]
[Round "8"]
[White "Shahade, Gregory P"]
[Black "Urjubdshzirov, Erdni"]
[Result "1-0"]
[WhiteElo "2476"]
[BlackElo "2295"]
[PlyCount "97"]
[EventDate "2021.03.30"]
[EventType "swiss (blitz)"]
[EventRounds "11"]
[EventCountry "USA"]
[SourceTitle "CBM 201 Extra"]
[Source "ChessBase"]
[SourceDate "2021.05.31"]
[SourceVersion "1"]
[SourceVersionDate "2021.05.31"]
[SourceQuality "1"]

1. e4 c5 2. Nf3 e6 3. d4 cxd4 4. Nxd4 Nc6 5. Nc3 Qc7 6. Be3 a6 7. Qf3 Nf6 8. 0-0-0 Bb4 9. Nxc6 bxc6 10. Bd4 Be7 11. e5 Nd5 12. Nxd5 cxd5 13. Bd3 a5 14. Qg3 g6 15. h4 Ba6 16. h5 Rg8 17. hxg6 hxg6 18. Rh7 Bc5 19. Qf3 Rf8 20. Rxf7 Bxd3 21. Rxf8+ Bxf8 22. Qxd3 Kd8 23. Qxg6 Kc8 24. Rd3 Qd8 25. Rc3+ Kb7 26. Rb3+ Kc6 27. Qd3 Qg5+ 28. Kb1 Kc7 29. g3 Kd8 30. a3 Ke8 31. Qe3 Qxe3 32. Rxe3 Kf7 33. Rf3+ Kg6 34. Rf6+ Kg5 35. f4+ Kg4 36. Rf7 Kxg3 37. Rxd7 Kxf4 38. Rf7+ Ke4 39. c3 Bh6 40. Rf6 Bf4 41. Rxe6 Rg8 42. Ra6 Rg2 43. Rxa5 Rh2 44. e6 Rh6 45. e7 Re6 46. Bc5 Be5 47. Ra8 Kd3 48. e8Q Rxe8 49. Rxe8 1-0

[Event "Titled Tuesday intern op 23rd Mar"]
[Site "Chess.com INT"]
[Date "2021.03.23"]
[Round "3"]
[White "Fawzy, Adham"]
[Black "Urjubdshzirov, Erdni"]
[Result "1-0"]
[WhiteElo "2468"]
[BlackElo "2295"]
[PlyCount "111"]
[EventDate "2021.03.23"]
[EventType "swiss (blitz)"]
[EventRounds "11"]
[EventCountry "USA"]
[SourceTitle "CBM 201 Extra"]
[Source "ChessBase"]
[SourceDate "2021.05.31"]
[SourceVersion "1"]
[SourceVersionDate "2021.05.31"]
[SourceQuality "1"]

1. e4 c5 2. c4 e6 3. Nc3 Nc6 4. g3 Nge7 5. Bg2 Nd4 6. Nge2 Nec6 7. 0-0 Be7 8. d3 0-0 9. Be3 d6 10. a3 Rb8 11. Rb1 a5 12. f4 Bd7 13. Nb5 e5 14. Nec3 Nxb5 15. cxb5 Nd4 16. a4 Be6 17. f5 Bb3 18. Qg4 f6 19. Rbc1 Rf7 20. h4 Kh8 21. Qh5 Rf8 22. Bf3 Qd7 23. Bd1 Bf7 24. Qg4 d5 25. Bxd4 exd4 26. Nxd5 Bxd5 27. exd5 Qxd5 28. Qf3 Qf7 29. Re1 Rfe8 30. Re6 Bf8 31. Bb3 Rxe6 32. fxe6 Qc7 33. Bd5 Bd6 34. Kg2 b6 35. Re1 Be5 36. h5 Qe7 37. Qf5 Qe8 38. Be4 g6 39. hxg6 hxg6 40. Qxg6 Qxg6 41. Bxg6 Kg7 42. Bf5 Rh8 43. Re4 Kf8 44. Rh4 Rg8 45. g4 Rg7 46. Kf3 Ke7 47. Rh8 Kd6 48. Ke4 Kc7 49. b3 Kd6 50. Rd8+ Kc7 51. Ra8 Kd6 52. Re8 Kc7 53. Kd5 Bd6 54. Rc8+ Kxc8 55. e7+ Kc7 56. e8Q 1-0

[Event "Titled Tuesday intern op 23rd Mar"]
[Site "Chess.com INT"]
[Date "2021.03.23"]
[Round "1"]
[White "Tharushi, THD Niklesha"]
[Black "Urjubdshzirov, Erdni"]
[Result "0-1"]
[WhiteElo "1711"]
[BlackElo "2295"]
[PlyCount "130"]
[EventDate "2021.03.23"]
[EventType "swiss (blitz)"]
[EventRounds "11"]
[EventCountry "USA"]
[SourceTitle "CBM 201 Extra"]
[Source "ChessBase"]
[SourceDate "2021.05.31"]
[SourceVersion "1"]
[SourceVersionDate "2021.05.31"]
[SourceQuality "1"]

1. e4 c5 2. Nf3 e6 3. d4 cxd4 4. Nxd4 Nc6 5. Nc3 Qc7 6. Be3 a6 7. Be2 b5 8. Bf3 Bb7 9. Nce2 Nf6 10. Bf4 e5 11. Bg3 Nxd4 12. Nxd4 Bxe4 13. 0-0 Bc5 14. c3 0-0 15. Re1 Bxf3 16. Qxf3 d6 17. Nf5 Ra7 18. Rad1 Ne8 19. b4 Bb6 20. Nxd6 f6 21. Nxe8 Rxe8 22. Rd3 Qf7 23. Re2 Rae7 24. Qc6 Re6 25. Rd6 Rxd6 26. Qxd6 Qe6 27. Qxe6+ Rxe6 28. Kf1 Rc6 29. Rc2 Bd4 30. Ke2 Rxc3 31. Rxc3 Bxc3 32. a3 Bb2 33. Kd3 Bxa3 34. Kc3 Kf7 35. f4 Ke6 36. Be1 Bc1 37. fxe5 fxe5 38. Bf2 Kd5 39. Bc5 Bf4 40. Kd3 Bxh2 41. Kc3 e4 42. Kb3 Be5 43. Ka3 Kc4 44. Ka2 Kd3 45. Ka3 e3 46. Bxe3 Kxe3 47. g4 Kd3 48. g5 g6 49. Ka2 Bf4 50. Ka3 Bxg5 51. Ka2 Be7 52. Ka3 Bd6 53. Ka2 Bxb4 54. Ka1 h5 55. Ka2 Kc4 56. Kb2 Bc3+ 57. Ka2 h4 58. Ka3 Bg7 59. Ka2 Kc3 60. Ka3 h3 61. Ka2 h2 62. Ka3 h1Q 63. Ka2 Qg2+ 64. Ka3 b4+ 65. Ka4 Qa2# 0-1

[Event "Titled Tuesday intern op 23rd Mar"]
[Site "Chess.com INT"]
[Date "2021.03.23"]
[Round "2"]
[White "Urjubdshzirov, Erdni"]
[Black "Motylev, Alexander"]
[Result "1-0"]
[WhiteElo "2295"]
[BlackElo "2641"]
[PlyCount "93"]
[EventDate "2021.03.23"]
[EventType "swiss (blitz)"]
[EventRounds "11"]
[EventCountry "USA"]
[SourceTitle "CBM 201 Extra"]
[Source "ChessBase"]
[SourceDate "2021.05.31"]
[SourceVersion "1"]
[SourceVersionDate "2021.05.31"]
[SourceQuality "1"]

1. e4 c6 2. Nf3 d5 3. exd5 cxd5 4. d4 Nc6 5. h3 Bf5 6. c3 e6 7. Bd3 Bg6 8. Bf4 Bd6 9. Bxd6 Qxd6 10. 0-0 Nge7 11. Na3 a6 12. Nc2 0-0 13. Re1 b5 14. a3 Rab8 15. Ne5 Rfc8 16. Bxg6 Nxg6 17. Nd3 a5 18. Qf3 b4 19. axb4 axb4 20. Ncxb4 Nxb4 21. Nxb4 Rb7 22. Ra6 Qb8 23. Rea1 h6 24. g3 Ne7 25. Kg2 Nf5 26. Nxd5 Rxb2 27. Ra8 Qxa8 28. Rxa8 Rxa8 29. Nf6+ gxf6 30. Qxa8+ Kg7 31. g4 Nh4+ 32. Kg3 Ng6 33. Qa3 Rc2 34. h4 h5 35. gxh5 Nf8 36. Qb3 Rc1 37. Qb2 Rg1+ 38. Kf3 Nh7 39. c4 f5 40. d5+ Nf6 41. d6 Rd1 42. c5 Rd3+ 43. Kf4 Rd5 44. f3 Rxc5 45. d7 Rd5 46. Kg5 e5 47. Qxe5 1-0

[Event "Titled Tuesday intern op 09th Mar"]
[Site "Chess.com INT"]
[Date "2021.03.09"]
[Round "7"]
[White "Jakubowski, Krzysztof"]
[Black "Urjubdshzirov, Erdni"]
[Result "0-1"]
[WhiteElo "2497"]
[BlackElo "2295"]
[PlyCount "82"]
[EventDate "2021.03.09"]
[EventType "swiss (blitz)"]
[EventRounds "11"]
[EventCountry "USA"]
[SourceTitle "CBM 201 Extra"]
[Source "ChessBase"]
[SourceDate "2021.05.31"]
[SourceVersion "1"]
[SourceVersionDate "2021.05.31"]
[SourceQuality "1"]

1. e4 c5 2. Nf3 e6 3. d4 cxd4 4. Nxd4 Nc6 5. Nc3 Qc7 6. Be3 Nf6 7. a3 a6 8. f4 b5 9. e5 Nd5 10. Nxd5 exd5 11. Bd3 d6 12. Nxc6 Qxc6 13. 0-0 dxe5 14. fxe5 Be6 15. Kh1 Bc5 16. Bxc5 Qxc5 17. Qh5 d4 18. Rf4 g6 19. Qg5 Qe7 20. Rf6 Ra7 21. Raf1 Rc7 22. Qf4 Rc5 23. Qxd4 Rd5 24. Qf4 Qc7 25. Rxe6+ fxe6 26. Qf6 Qxe5 27. Qf7+ Kd8 28. Qb7 Qc7 29. Qxa6 Ke7 30. h3 Rf8 31. Re1 Re5 32. Rxe5 Qxe5 33. Qxb5 Qe1+ 34. Kh2 Qe3 35. Qb7+ Kf6 36. Qe4 Qf2 37. a4 Kg7 38. a5 Qc5 39. b4 Qd6+ 40. Kh1 Rf4 41. Qe3 Rxb4 0-1

[Event "Titled Tuesday intern op 09th Mar"]
[Site "Chess.com INT"]
[Date "2021.03.09"]
[Round "6"]
[White "Urjubdshzirov, Erdni"]
[Black "Krzyzanowski, Marcin"]
[Result "1-0"]
[WhiteElo "2295"]
[BlackElo "2503"]
[PlyCount "81"]
[EventDate "2021.03.09"]
[EventType "swiss (blitz)"]
[EventRounds "11"]
[EventCountry "USA"]
[SourceTitle "CBM 201 Extra"]
[Source "ChessBase"]
[SourceDate "2021.05.31"]
[SourceVersion "1"]
[SourceVersionDate "2021.05.31"]
[SourceQuality "1"]

1. e4 b6 2. d4 Bb7 3. Nc3 g6 4. Be3 Bg7 5. Qd2 h6 6. 0-0-0 e6 7. f3 Ne7 8. g4 a6 9. h4 b5 10. h5 g5 11. Kb1 d6 12. Bg2 Nd7 13. f4 Nb6 14. fxg5 Nc4 15. Qe2 hxg5 16. Bxg5 Qd7 17. h6 Bf8 18. h7 Bg7 19. e5 Bxg2 20. Qxg2 d5 21. Nf3 b4 22. Ne2 Rb8 23. Nd2 Qc6 24. Nxc4 Qxc4 25. Ng3 Ng6 26. Nh5 Rxh7 27. Bf6 Bf8 28. Qf1 c5 29. Qxc4 dxc4 30. d5 exd5 31. Rxd5 Nf4 32. Rd2 Be7 33. Ng7+ Rxg7 34. Rh8+ Bf8 35. Bxg7 Ng6 36. Rg8 Ke7 37. Bf6+ Ke6 38. Kc1 c3 39. Rd3 Bh6+ 40. Kb1 Rxg8 41. Rd6# 1-0